[Event "Contrecoeur-C"]
[Site "Contrecoeur"]
[Date "2018.11.04"]
[Round "5.8"]
[White "Pincince, Jacques"]
[Black "Jiang, Barron Jiyu"]
[Result "1-0"]
[WhiteElo "1516"]
[BlackElo "1422"]
[PlyCount "78"]
[EventDate "2018.11.02"]
[EventType "swiss"]
[EventRounds "5"]
[EventCountry "CAN"]
[SourceTitle "EXT 2022"]
[Source "ChessBase"]
[SourceDate "2021.10.06"]
[SourceVersion "1"]
[SourceVersionDate "2021.10.06"]
[SourceQuality "1"]

1. e4 c5 2. Nc3 e6 3. g3 Nc6 4. Bg2 Nf6 5. d3 Be7 6. f4 d6 7. Nf3 a6 8. h3 Qc7 9. Be3 b5 10. 0-0 0-0 11. Kh2 d5 12. exd5 exd5 13. Bf2 d4 14. Ne4 Re8 15. Re1 Bb7 16. Qd2 Rad8 17. Re2 Nd5 18. Rae1 Bf8 19. Ng1 h6 20. Qc1 c4 21. Nf3 Ndb4 22. a3 cxd3 23. Nf6+ gxf6 24. Rxe8 Rxe8 25. Rxe8 Nxc2 26. f5 Qd7 27. Re4 Ne5 28. Nxe5 fxe5 29. Rg4+ Kh7 30. f6 Bxg2 31. Kxg2 Qd5+ 32. Kg1 e4 33. Qd2 h5 34. Rh4 Bh6 35. Qd1 Ne3 36. Rxh5 Nxd1 37. Rxd5 e3 38. Be1 d2 39. Bxd2 exd2 1-0

[Event "CAN-ch U10"]
[Site "Quebec"]
[Date "2018.07.04"]
[Round "6.119"]
[White "Jiang, Barron Jiyu"]
[Black "Gao, Joshua"]
[Result "1-0"]
[WhiteElo "1131"]
[BlackElo "882"]
[PlyCount "83"]
[EventDate "2018.07.02"]
[EventType "swiss"]
[EventRounds "7"]
[EventCountry "CAN"]
[SourceTitle "EXT 2022"]
[Source "ChessBase"]
[SourceDate "2021.10.06"]
[SourceVersion "1"]
[SourceVersionDate "2021.10.06"]
[SourceQuality "1"]

1. e4 e5 2. Nf3 Nc6 3. d4 Nf6 4. d5 Ne7 5. Bd3 g6 6. Nxe5 Bg7 7. Nc4 0-0 8. 0-0 d6 9. h3 h6 10. Ne3 Bd7 11. c4 c5 12. Nc3 b6 13. a3 Rb8 14. Kh1 Nh7 15. Ne2 Be5 16. Rb1 Qc8 17. Ng1 Ng5 18. f4 Bd4 19. fxg5 hxg5 20. Nc2 Be5 21. Bxg5 Kg7 22. Bxe7 Rh8 23. Qf3 Qe8 24. Bf6+ Bxf6 25. Qxf6+ Kg8 26. Qxd6 Rd8 27. Qg3 Qf8 28. e5 Qh6 29. Qf4 Rf8 30. Qxh6 Rxh6 31. b4 Kg7 32. bxc5 bxc5 33. Rb7 Bc8 34. Rxa7 g5 35. Rc7 Rfh8 36. Rfxf7+ Kg8 37. Rg7+ Kf8 38. Rxg5 Bxh3 39. gxh3 Ke8 40. Rxc5 Kd8 41. Bf5 Ke7 42. Rg7+ 1-0

[Event "CAN-ch U10"]
[Site "Quebec"]
[Date "2018.07.03"]
[Round "4.114"]
[White "Jiang, Barron Jiyu"]
[Black "Yan, Alex Jikai"]
[Result "0-1"]
[WhiteElo "1131"]
[BlackElo "1482"]
[PlyCount "108"]
[EventDate "2018.07.02"]
[EventType "swiss"]
[EventRounds "7"]
[EventCountry "CAN"]
[SourceTitle "EXT 2022"]
[Source "ChessBase"]
[SourceDate "2021.10.06"]
[SourceVersion "1"]
[SourceVersionDate "2021.10.06"]
[SourceQuality "1"]

1. e4 e5 2. Nf3 Nc6 3. d4 exd4 4. Nxd4 Nf6 5. Nc3 Bc5 6. Nxc6 bxc6 7. Bd3 d5 8. exd5 cxd5 9. 0-0 0-0 10. Bg5 c6 11. Qf3 Be7 12. h3 h6 13. Bf4 Be6 14. Rfe1 a6 15. a3 c5 16. Rad1 Qb6 17. Bc1 Rad8 18. Na4 Qa5 19. Nc3 Rfe8 20. Bd2 Qb6 21. Na4 Qc6 22. b3 Rc8 23. Nc3 c4 24. bxc4 dxc4 25. Qxc6 Rxc6 26. Be2 Bxa3 27. Bf3 Rd6 28. Bf4 Rxd1 29. Rxd1 Bb4 30. Ne2 g5 31. Be3 Kf8 32. c3 Be7 33. Ra1 Bc8 34. Nd4 Bc5 35. Nc2 Bxe3 36. Nxe3 Ne4 37. Ra3 Nd2 38. Ra4 Nxf3+ 39. gxf3 Bxh3 40. Rxa6 Be6 41. Rc6 Kg7 42. Nxc4 Bd5 43. Rc5 Bxf3 44. Nd2 Ba8 45. Ra5 Kg6 46. c4 h5 47. Ra6+ f6 48. c5 Rd8 49. Nb3 Bb7 50. Rb6 Bf3 51. Rb4 Rd1+ 52. Kh2 h4 53. Rxh4 gxh4 54. Kh3 Rh1# 0-1